(Record no. 186181)

MARC details
000 -LEADER
fixed length control field 00519nam a2200157Ia 4500
003 - CONTROL NUMBER IDENTIFIER
control field IQ-KOUCL
041 ## - LANGUAGE CODE
Language code of text/sound track or separate title Arabic
082 ## - DEWEY DECIMAL CLASSIFICATION NUMBER
Classification number 930,1 cut-392 ي
100 ## - MAIN ENTRY--PERSONAL NAME
Personal name 20260118u\\\\\\\\\\\y0engy0103\\\\ba
Personal name د.اسامة عدنان يحيى
245 #0 - TITLE STATEMENT
Title القربان والمقدس الصورة التاريخية للدين في الحضارات القديمة الجزء الثاني
250 ## - EDITION STATEMENT
Edition statement ط1
260 ## - PUBLICATION, DISTRIBUTION, ETC. (IMPRINT)
Name of publisher, distributor, etc دار ارام للنشر
Place of publication, distribution, etc دمشق - سوريا
Date of publication, distribution, etc 2022
300 ## - PHYSICAL DESCRIPTION
Extent 1243
942 ## - ADDED ENTRY ELEMENTS (KOHA)
Koha item type Books
Holdings
Withdrawn status Lost status Damaged status Not for loan Collection code Home library Current library Shelving location Date acquired Total Checkouts Full call number Barcode Date last seen Copy number Price effective from Koha item type
        930-939 Koya University Central Library Koya University Central Library Books 18/01/2026   930,1 cut-392 ي 0000068806 18/01/2026 1 18/01/2026 Books